[Event "CZE-chT1E 1415"]
[Site "Czech Republic"]
[Date "2014.10.19"]
[Round "1.5"]
[White "Zidek, Vaclav"]
[Black "Fuksik, Jakub"]
[Result "1/2-1/2"]
[WhiteElo "2206"]
[BlackElo "2164"]
[PlyCount "143"]
[EventDate "2014.10.19"]
[EventType "team-tourn"]
[EventRounds "11"]
[EventCountry "CZE"]
[SourceTitle "EXT 2015"]
[Source "ChessBase"]
[SourceDate "2014.11.20"]
[SourceVersion "1"]
[SourceVersionDate "2014.11.20"]
[SourceQuality "1"]
[WhiteTeam "Opava"]
[BlackTeam "Grygov"]
[WhiteTeamCountry "CZE"]
[BlackTeamCountry "CZE"]

1. d4 d5 2. c4 c6 3. Nf3 Nf6 4. Nc3 a6 5. c5 g6 6. Bf4 Bg7 7. h3 0-0 8. e3 Nfd7 9. Be2 f6 10. 0-0 e5 11. Bg3 Re8 12. b4 Nf8 13. a4 Nbd7 14. b5 Ne6 15. Qc2 exd4 16. exd4 f5 17. Qd2 f4 18. Bh2 Qf6 19. bxc6 bxc6 20. Rfd1 Ndxc5 21. Nxd5 cxd5 22. dxc5 Bb7 23. Rac1 Bc6 24. Qc2 Bf8 25. Qc3 Qxc3 26. Rxc3 Nxc5 27. Bf1 Re4 28. Rdc1 Bxa4 29. Rxc5 Bxc5 30. Rxc5 Bb5 31. Rxd5 Bxf1 32. Kxf1 a5 33. Nd2 Rb4 34. Rd3 a4 35. Ra3 g5 36. g3 Rb2 37. Nc4 Rb4 38. Nd2 Rb2 39. Nc4 Rb3 40. gxf4 Rxa3 41. Nxa3 gxf4 42. Bxf4 Rc8 43. Kg2 Kf7 44. Bd6 Ke6 45. Bb4 Rb8 46. Bc5 Kd5 47. Be7 Rg8+ 48. Kf3 Rg7 49. Bd8 Rb7 50. Kg4 Ke6 51. f4 Rg7+ 52. Kh4 Kf5 53. Bg5 Rd7 54. Nb5 Rd3 55. Be7 Kxf4 56. Bf8 Kf3 57. Na3 Kg2 58. Nc2 Rxh3+ 59. Kg5 h5 60. Bb4 Rh1 61. Be1 Rxe1 62. Nxe1+ Kf2 63. Nc2 Ke2 64. Kxh5 Kd2 65. Na3 Kc3 66. Kg4 Kb3 67. Nb5 Kb4 68. Nd4 Kc4 69. Nc2 Kb3 70. Nd4+ Kb4 71. Kf3 a3 72. Nc2+ 1/2-1/2

[Event "CZE-chT2F 1314"]
[Site "Czech Republic"]
[Date "2013.12.15"]
[Round "4.34"]
[White "Fuksik, Jakub"]
[Black "Cupek, Martin"]
[Result "1-0"]
[WhiteElo "2119"]
[BlackElo "2056"]
[PlyCount "79"]
[EventDate "2013.11.03"]
[EventType "team-tourn"]
[EventRounds "11"]
[EventCountry "CZE"]
[SourceTitle "EXT 2016"]
[Source "ChessBase"]
[SourceDate "2015.10.08"]
[SourceVersion "1"]
[SourceVersionDate "2015.10.08"]
[SourceQuality "1"]
[WhiteTeam "Prerov II"]
[BlackTeam "Mosty u Jablunkova"]
[WhiteTeamCountry "CZE"]
[BlackTeamCountry "CZE"]

1. e4 d6 2. d4 Nd7 3. Nc3 e5 4. Nf3 c6 5. Bc4 Be7 6. 0-0 h6 7. a4 Ngf6 8. h3 Qc7 9. Be3 0-0 10. Qe2 Re8 11. Rfd1 Nf8 12. Bb3 Be6 13. d5 Bd7 14. Qc4 c5 15. a5 Ng6 16. Ba4 Reb8 17. Ra3 Nh5 18. b4 Bxa4 19. Rxa4 b6 20. Rda1 Qc8 21. axb6 axb6 22. b5 Rxa4 23. Qxa4 Nhf4 24. Kh2 f5 25. Qa7 fxe4 26. Nd2 Kh7 27. Ndxe4 Rb7 28. Qa8 Qd7 29. Ra6 Nh4 30. Bxf4 exf4 31. Ra1 Nf5 32. Ne2 f3 33. gxf3 Qxb5 34. Qxb7 Qxe2 35. Ra3 Qxc2 36. Qd7 g6 37. Qe6 Qc1 38. Qf7+ Ng7 39. Qxe7 g5 40. Qf7 1-0

[Event "CZE-chT2F 1314"]
[Site "Czech Republic"]
[Date "2013.11.17"]
[Round "2.26"]
[White "Fuksik, Jakub"]
[Black "Sikora, Jan"]
[Result "1/2-1/2"]
[WhiteElo "2119"]
[BlackElo "2188"]
[PlyCount "112"]
[EventDate "2013.11.03"]
[EventType "team-tourn"]
[EventRounds "11"]
[EventCountry "CZE"]
[SourceTitle "EXT 2016"]
[Source "ChessBase"]
[SourceDate "2015.10.08"]
[SourceVersion "1"]
[SourceVersionDate "2015.10.08"]
[SourceQuality "1"]
[WhiteTeam "Prerov II"]
[BlackTeam "Trinec II"]
[WhiteTeamCountry "CZE"]
[BlackTeamCountry "CZE"]

1. e4 c5 2. Nf3 d6 3. Bb5+ Bd7 4. Bxd7+ Qxd7 5. 0-0 Nc6 6. c4 Nf6 7. Nc3 g6 8. d4 cxd4 9. Nxd4 Bg7 10. Nde2 0-0 11. f3 Rfc8 12. Be3 Qd8 13. Qd2 Qf8 14. Rfd1 Rab8 15. Rac1 a6 16. Nf4 Ne5 17. b3 Ned7 18. a4 Nc5 19. Rb1 Ncd7 20. Rdc1 Qd8 21. Ncd5 Nxd5 22. Nxd5 Nf6 23. Nb6 Rc6 24. a5 Nd7 25. b4 Nxb6 26. Bxb6 Qf8 27. b5 Bh6 28. f4 Rcc8 29. Be3 Qe8 30. Qd5 Qd8 31. bxa6 bxa6 32. Rb6 Ra8 33. Rcb1 Qc7 34. R1b4 e6 35. Qd2 Bf8 36. Ra4 Qd7 37. Qa2 Rc6 38. h3 Rac8 39. Qb3 Qc7 40. Rb7 Qd8 41. f5 Qf6 42. fxg6 hxg6 43. Qd3 Qe5 44. Qf1 R6c7 45. Rxc7 Rxc7 46. Bb6 Rc6 47. Qd3 d5 48. exd5 Rxb6 49. axb6 Qe1+ 50. Kh2 Bd6+ 51. g3 Qf2+ 52. Kh1 Bxg3 53. Ra2 Qxa2 54. Qxg3 Qxc4 55. Qb8+ Kh7 56. dxe6 Qf1+ 1/2-1/2

[Event "CZE-chT1E 1112"]
[Site "Czech Republic"]
[Date "2012.03.18"]
[Round "10"]
[White "Fuksik, Jakub"]
[Black "Sikorova, Olga"]
[Result "1-0"]
[WhiteElo "2145"]
[BlackElo "2276"]
[PlyCount "73"]
[EventDate "2011.10.02"]
[EventType "team-tourn"]
[EventRounds "11"]
[EventCountry "CZE"]
[SourceTitle "EXT 2013"]
[Source "ChessBase"]
[SourceDate "2012.11.22"]
[SourceVersion "1"]
[SourceVersionDate "2012.11.22"]
[SourceQuality "1"]
[WhiteTeam "Grygov II"]
[BlackTeam "Trinec"]
[WhiteTeamCountry "CZE"]
[BlackTeamCountry "CZE"]

1. e4 e6 2. d4 d5 3. e5 c5 4. c3 Nc6 5. Nf3 Qb6 6. a3 c4 7. g3 Na5 8. Nbd2 Bd7 9. Bg2 Ne7 10. 0-0 h6 11. Ne1 Nb3 12. Nxb3 Ba4 13. f4 Qxb3 14. Qe2 g6 15. Bf3 h5 16. Ng2 Nf5 17. Ne3 Nxe3 18. Bxe3 Qc2 19. Rf2 Qxe2 20. Rxe2 Kd7 21. h3 Be7 22. Rf1 b5 23. g4 hxg4 24. hxg4 a5 25. f5 gxf5 26. gxf5 Rag8+ 27. Rg2 Bh4 28. Bg4 Ke7 29. f6+ Kd7 30. Bd1 Bxd1 31. Rxd1 Bg3 32. Kf1 Rg4 33. Ke2 Rh2 34. Rdg1 Rg6 35. Rxh2 Bxh2 36. Rxg6 fxg6 37. Kf2 1-0

[Event "CZE-chT1E 1112"]
[Site "Czech Republic"]
[Date "2011.12.11"]
[Round "5"]
[White "Fuksik, Jakub"]
[Black "Kapusta, Petr"]
[Result "1-0"]
[WhiteElo "2145"]
[BlackElo "2158"]
[PlyCount "79"]
[EventDate "2011.10.02"]
[EventType "team-tourn"]
[EventRounds "11"]
[EventCountry "CZE"]
[SourceTitle "EXT 2013"]
[Source "ChessBase"]
[SourceDate "2012.11.22"]
[SourceVersion "1"]
[SourceVersionDate "2012.11.22"]
[SourceQuality "1"]
[WhiteTeam "Grygov II"]
[BlackTeam "Stare Mesto"]
[WhiteTeamCountry "CZE"]
[BlackTeamCountry "CZE"]

1. e4 c5 2. Nf3 d6 3. Bb5+ Nd7 4. 0-0 Ngf6 5. Re1 a6 6. Bf1 g6 7. c3 Bg7 8. d4 cxd4 9. cxd4 0-0 10. Nc3 h6 11. h3 e5 12. Be3 b5 13. Qb3 Bb7 14. d5 Nc5 15. Bxc5 dxc5 16. a4 b4 17. Na2 Ne8 18. Nd2 f5 19. f3 Nd6 20. Rac1 Rc8 21. Qe3 Qh4 22. Nb3 Bf6 23. Nxc5 Bg5 24. Qe2 Bxc1 25. Rxc1 fxe4 26. fxe4 Bxd5 27. Nxb4 Bxe4 28. Nbxa6 Qf4 29. Rd1 Rc6 30. Ne6 Qf7 31. Nxf8 Bf5 32. Qxe5 Ne4 33. Rd8 Qa7+ 34. Kh2 Rc8 35. Rxc8 Bxc8 36. Qxe4 Kxf8 37. Qxg6 Qf2 38. Qxh6+ Ke7 39. Qg7+ Kd6 40. Qg3+ 1-0

[Event "CZE-chT1E 1011"]
[Site "Czech Republic"]
[Date "2011.04.03"]
[Round "11"]
[White "Fuksik, Jakub"]
[Black "Trapl, Dalibor"]
[Result "1-0"]
[WhiteElo "2135"]
[BlackElo "2120"]
[PlyCount "85"]
[EventDate "2010.10.10"]
[EventType "team-tourn"]
[EventRounds "11"]
[EventCountry "CZE"]
[SourceTitle "EXT 2012"]
[Source "ChessBase"]
[SourceDate "2011.11.24"]
[SourceVersion "1"]
[SourceVersionDate "2011.11.24"]
[SourceQuality "1"]
[WhiteTeam "Grygov II"]
[BlackTeam "Ostrava Mittal"]
[WhiteTeamCountry "CZE"]
[BlackTeamCountry "CZE"]

1. e4 c5 2. Nf3 d6 3. Bb5+ Bd7 4. Bxd7+ Qxd7 5. c4 Nc6 6. Nc3 g6 7. d4 cxd4 8. Nxd4 Bg7 9. Be3 Nf6 10. f3 0-0 11. Qd2 a6 12. 0-0 Rfc8 13. b3 Nxd4 14. Bxd4 b5 15. cxb5 axb5 16. a4 bxa4 17. bxa4 Rc4 18. Qd3 Qc6 19. Ra3 Rc8 20. Nb5 Qa6 21. Rfa1 Nd7 22. Bxg7 Kxg7 23. Nc3 Qa5 24. Ne2 Nb6 25. Qd1 Ra8 26. h3 f5 27. exf5 gxf5 28. Kh1 Rac8 29. Qd3 Qe5 30. f4 Qe4 31. a5 Na8 32. Qg3+ Kf7 33. Re3 Qb7 34. Qh4 Rg8 35. Qxh7+ Rg7 36. Qxf5+ Ke8 37. Qh5+ Kf8 38. Rg3 Rxg3 39. Nxg3 Nc7 40. Re1 Nd5 41. Nf5 Qb2 42. Qh6+ Kg8 43. Qe6+ 1-0